Aksir fi Isbatit Taqdir : / اکسير فی اثبات التقدير (Record no. 29148)

MARC details
000 -LEADER
fixed length control field 00627nam a22002057a 4500
003 - CONTROL NUMBER IDENTIFIER
control field BDDh-ASL
005 - DATE AND TIME OF LATEST TRANSACTION
control field 20231015031011.0
008 - FIXED-LENGTH DATA ELEMENTS--GENERAL INFORMATION
fixed length control field 220908n ii ||||| |||| 00| 0 urd d
040 ## - CATALOGING SOURCE
Original cataloging agency BDDh-ASL
Transcribing agency BDDh-ASL
041 ## - LANGUAGE CODE
Language code of text/sound track or separate title urd
082 ## - DEWEY DECIMAL CLASSIFICATION NUMBER
Classification number 297
Item number ALA
100 1# - MAIN ENTRY--PERSONAL NAME
9 (RLIN) 6473
Personal name Ali, Maulavi Ashraf
245 10 - TITLE STATEMENT
Title Aksir fi Isbatit Taqdir : / اکسير فی اثبات التقدير
246 ## - VARYING FORM OF TITLE
Title proper/short title Haqqus Sema : / حق السماع
246 ## - VARYING FORM OF TITLE
Title proper/short title Fatawa-e Milad Sharif : / فتاوای ميلاد شريف
260 ## - PUBLICATION, DISTRIBUTION, ETC.
Place of publication, distribution, etc. Kanpur :
Name of publisher, distributor, etc. Intezami Press ,
300 ## - PHYSICAL DESCRIPTION
Extent 156 p. :
Dimensions 24 cm.
650 #0 - SUBJECT ADDED ENTRY--TOPICAL TERM
9 (RLIN) 1652
Topical term or geographic name entry element Islam
942 ## - ADDED ENTRY ELEMENTS (KOHA)
Source of classification or shelving scheme Dewey Decimal Classification
Koha item type Books
Holdings
Withdrawn status Lost status Source of classification or shelving scheme Damaged status Not for loan Collection code Home library Current library Shelving location Date acquired Source of acquisition Serial Enumeration / chronology Total Checkouts Full call number Barcode Date last seen Copy number Price effective from Koha item type Public note
    Dewey Decimal Classification   Not For Loan Non-fiction Asiatic Society Library Asiatic Society Library General Stacks 09/08/2022 ASB Collections U-0818-A-B   297 ALA 117327 09/08/2022 C-1 09/08/2022 Books Y-0000

Powered by Koha